| 000 | 00777nam a22002297a 4500 | ||
|---|---|---|---|
| 003 | OSt | ||
| 005 | 20251126103622.0 | ||
| 008 | 251126b |||||||| |||| 00| 0 eng d | ||
| 020 | _a978-1-4129-7871-2 | ||
| 040 |
_aDWC-Main lib. _cOC |
||
| 082 | _aCirc. 371.4 W947i 2012 | ||
| 100 | _aWright, Robert J. | ||
| 245 |
_aIntroduction to school counseling/ _cRobert J. Wright |
||
| 260 |
_aCalifornia : _bSAGE Publications, _cc2012. |
||
| 300 |
_axxiii, 631 pages : _billustrations ; _c23 cm. |
||
| 504 | _aIncludes references, glossary. | ||
| 650 | _a1. Educational counseling. | ||
| 650 | _a2. Counseling in elementary education. | ||
| 650 | _a3. Counseling in secondary education. | ||
| 650 | _a4. Action research in education. | ||
| 942 |
_2ddc _cBK-CIRC _kCirc. _n0 |
||
| 999 |
_c6367 _d6367 |
||